000 00682nam a2200289Ia 4500
005 20260324132837.0
008 008 260324s9999 xx 000 0 eng d
020 _a9781315244327
037 _aEBOOK
040 _aCRL
040 _beng
040 _cCRL
041 _2eng
041 _aeng
084 _qCRL
100 _aArnold Berleant
_91117805
245 0 _aRe-thinking Aesthetics
245 0 _bRogue Essays on Aesthetics and the Arts
260 _bTaylor and Francis
260 _c2004
365 _a
365 _b255
856 _uhttp://www.taylorfrancis.com/books/9781315244327
942 _cEBOOK
999 _c1789299
_d1789299